| 000 | nam a22 7a 4500 | ||
|---|---|---|---|
| 999 |
_c65514 _d65514 |
||
| 005 | 20240220112924.0 | ||
| 008 | 240220b xxu||||| |||| 00| 0 eng d | ||
| 040 | _aANE | ||
| 041 | _aEs | ||
| 100 | _aMiguel Ayuso | ||
| 245 | _aEL ABORTO: ALGUNAS PREMISAS IDEOLÓGICAS Y POLÍTICAS | ||
| 300 | _a16 p. | ||
| 856 | _uhttps://documentacion.asambleanacional.gob.ec/alfresco/d/d/workspace/SpacesStore/1b236d08-7fe4-418c-97e7-a8f4d0f4d6c1/El%20Aborto%20Algunas%20premisas%20Ideol%c2%a2gicas%20y%20Pol%c2%a1ticas%20-%20copia%20(2).pdf | ||
| 942 |
_2ddc _cBV _zNr. |
||